Statistics for Countries with Lowest Coast-to-Area Ratio

Click here to take the quiz!

General Stats

  • This quiz has been taken 82 times
  • The average score is 8 of 15

Answer Stats

Coast/Area ratio Country % Correct
.00002Democratic Republic of the Congo
83%
.00049Republic of the Congo
76%
.00039Bosnia and Herzegovina
69%
.00013Iraq
68%
.00103Togo
61%
.00042Algeria
53%
.00046Sudan
46%
.00029Jordan
42%
.00073Mauritania
42%
.00094Kenya
42%
.00094Nigeria
39%
.00101Libya
39%
.00085Cameroon
38%
.00090Brazil
33%
.00098Romania
33%

Score Distribution

Percentile by Number Answered

Percent of People with Each Score

Your Score History

You have not taken this quiz